Feminist theories in performance : a study on the productions of Kuali works /
Saved in:
| 主要作者: | |
|---|---|
| 格式: | Thesis 圖書 |
| 語言: | English |
| 出版: |
2006.
|
| 主題: | |
| 標簽: |
添加標簽
沒有標簽, 成為第一個標記此記錄!
|
| LEADER | 00953cam a2200253 a 4500 | ||
|---|---|---|---|
| 001 | u729251 | ||
| 003 | SIRSI | ||
| 005 | 200610160944 | ||
| 008 | 061016s2006 my a t 000 0 eng a | ||
| 040 | |a UMM | ||
| 090 | |a PN2037 |b UM 2006 Ahmkbs | ||
| 100 | 0 | 0 | |a Ahmad Kamal Basyah Sallehuddin. |
| 245 | 1 | 0 | |a Feminist theories in performance : |b a study on the productions of Kuali works / |c Ahmad Kamal Basyah Sallehuddin. |
| 260 | |c 2006. | ||
| 300 | |a v, 131 leaves : |b ill. ; |c 30 cm. | ||
| 502 | |a Dissertation (M.A. (Perform.Arts)) -- Pusat Kebudayaan, Universiti Malaya, 2006. | ||
| 504 | |a Bibliography: leaves 128-131. | ||
| 650 | 0 | |a Feminism in art. | |
| 650 | 0 | |a Feminism and theater |z Malaysia. | |
| 650 | 0 | |a Women in the theater |z Malaysia. | |
| 710 | 2 | 0 | |a Universiti Malaya. |b Pusat Kebudayaan |
| 596 | |a 1 | ||
| 900 | |a SK | ||
| 999 | |a PN2037 UM 2006 AHMKBS |w LC |c 1 |i A512817508 |d 25/9/2019 |e 25/9/2019 |f 24/1/2007 |g 1 |l STACKS |m P01UTAMA |n 19 |r Y |s Y |t TESIS |u 24/1/2007 | ||
